লোডিং...

Dramatic significance of tragic hero in shakespeare /

গ্রন্থ-পঞ্জীর বিবরন
প্রধান লেখক: Kurup, Raveendra
বিন্যাস: Printed Book
ভাষা:English
প্রকাশিত: New Delhi: Anmol publication, c2003.
বিষয়গুলি:
LEADER 00562 a2200157 4500
008 150103s9999 000 0 eng
020 |a 8126114088 
082 |a 822.33D  
100 |a Kurup, Raveendra. 
245 |a Dramatic significance of tragic hero in shakespeare / 
260 |a New Delhi:  |b Anmol publication,  |c c2003. 
300 |a 132 p.: 
650 |a Shakespeare,William. 
942 |c BK 
999 |c 301655  |d 301655 
952 |0 0  |1 0  |2 ddc  |4 0  |6 822_000000000000000_33D_RAV_DR  |7 0  |9 344982  |a DRA  |b DRA  |c ST1  |d 2010-09-09  |i 6812  |l 0  |o 822.33D RAV/DR  |p DRA6812  |r 2019-01-03  |w 2019-01-03  |y BK